000
00309pab a2200133 454500
008
180718b xxu||||| |||| 00| 0 eng d
100
_a
Sharma Kalpana
245
_a
The urban nightmares
362
_a
13 Nov 93, p.8
650
_a
Urbanisation
650
_a
Cities and Towns
773
_a
Hindu
909
_a
25763
999
_c
25763
_d
25763